| 000 | 00751cam a22002414a 4500 | ||
|---|---|---|---|
| 999 |
_c5924 _d5924 |
||
| 001 | 6984 | ||
| 003 | BD-DhUAP | ||
| 005 | 20201222150156.0 | ||
| 008 | 201222s2001 mauab b 001 0 eng | ||
| 020 | _a0072314990 | ||
| 040 |
_aDLC _cDLC _dBD-DhUAP |
||
| 082 | 0 | 0 |
_a658.4012 THO _223 |
| 100 | 1 | _aThompson, Arthur A. | |
| 245 | 1 | 0 |
_aStrategic management : _bconcepts and cases / _cArthur A. Thompson and A. J. Strickland. |
| 250 | _a12th ed. | ||
| 260 |
_aBoston : _bMcGraw-Hill/Irvin, _cc2001. |
||
| 300 |
_avarious pages : _billustrations ; _c26 cm. |
||
| 504 | _aIncludes bibliographical references and indexes. | ||
| 650 | 0 | _aStrategic planning. | |
| 650 | 0 |
_aStrategic planning _xCase studies. |
|
| 700 | 1 | _aStrickland, A. J. | |
| 942 |
_2ddc _cBK |
||